| 000 | 00849nmm a2200277 a 4500 | ||
|---|---|---|---|
| 001 | ocm000587538 | ||
| 003 | TR-IsHL | ||
| 005 | 20201028122017.0 | ||
| 008 | 110704s2003 tu tur | ||
| 007 | cr cn | ||
| 020 | _a9789757699675 | ||
| 035 |
_a587538 _b(N$T) |
||
| 050 | 0 | 4 |
_aGV1507 _b.C56 2003 |
| 090 | 0 | 4 |
_aGV1507 _b.C56 2003 |
| 100 | 1 | _aCimcoz, Sina | |
| 245 | 1 | 0 |
_aBilgi yarışması gelin yarışalım: 3500 soru - cevap _h[electronic resource] / _cSina Cimcoz |
| 250 | _a1. bs. | ||
| 260 |
_aİstanbul : _bGeçit Kitabevi, _c2003 |
||
| 300 | _a386 p. | ||
| 650 | 4 | _aGenel Çalışmalar | |
| 650 | 4 | _aGeneral Works | |
| 650 | 0 | _aMantık bulmacaları | |
| 650 | 0 | _aLogic puzzles | |
| 650 | 7 |
_aGAMES / Puzzles _2bisacsh |
|
| 856 | 4 | 0 | _uhttp://search.ebscohost.com/login.aspx?direct=true&scope=site&db=e011xww&AN=587538 |
| 999 |
_c1638 _d1638 |
||